LEADER 05042oam 2200577I 450 001 9910453778503321 005 20200520144314.0 010 $a0-429-06399-7 010 $a1-4398-4417-8 010 $a1-281-94856-X 010 $a9786611948566 010 $a1-57808-657-4 024 7 $a10.1201/9781439844175 035 $a(CKB)1000000000555717 035 $a(SSID)ssj0000331461 035 $a(PQKBManifestationID)11247987 035 $a(PQKBTitleCode)TC0000331461 035 $a(PQKBWorkID)10324684 035 $a(PQKB)11290548 035 $a(MiAaPQ)EBC3404297 035 $a(Au-PeEL)EBL3404297 035 $a(CaPaEBR)ebr10257791 035 $a(CaONFJC)MIL194856 035 $a(OCoLC)310455613 035 $a(EXLCZ)991000000000555717 100 $a20180706d2003 uy 0 101 0 $aeng 135 $aurcn||||||||| 181 $ctxt 182 $cc 183 $acr 200 00$aLandscape Ecology $eConcepts, Methods, and Applications /$feditor, Franc?oise Burel 205 $aFirst edition. 210 1$aBoca Raton, FL :$cCRC Press,$d2003. 215 $axvi, 362 p. $cill. (some col.), maps 300 $aBibliographic Level Mode of Issuance: Monograph 311 $a1-57808-214-5 320 $aIncludes bibliographical references (p. [324]-352). 327 $apart Part I: Introduction -- chapter 1 Definition of a Discipline -- chapter 2 Landscape Ecology. Definition of a Multidisciplinary Approach -- part Part II: Landscape Structure and Dynamics -- chapter 3 Analysis of Spatial Structures -- chapter 4 The Dynamics of Landscapes -- chapter 5 Organization of Landscapes -- part Part III: Ecological Processes within Landscapes -- chapter 6 The Functioning of Populations at the Landscape Level -- chapter 7 Interspecific Relationships and Biodiversity in Landscapes -- chapter 8 Geochemical Flows in Landscapes -- part Part IV: Applications to Landscape Management -- chapter 9 Application of Landscape Ecology Concepts to Landscape Management and Design. 330 2 $a"Part I: Introduction: Definition of a Discipline: Emergence of Landscape Ecology in the History of Ecology; Recognition of Heterogeneity in Ecological Systems; Taking Human Activities into Account in Ecological Systems; Explicit Accounting for Space and Time; Landscape Ecology is based on Scientific Theories Linked to Ecology and Related Disciplines Landscpe Ecology: Definition of a Multidisciplinary Approach: Landscape as Understood by the Ecologist; Landscape Ecology: An Interdisciplinary Approach; Landscape Ecology: Application of Results of Fundamental Research to Conservation Biology and Land Management Part II: Landscape Structure and Dynamics Analysis of Spatial Structures: Categories of Landscape Elements; From Sample Plots in a Wood to Woods in a Landscape; Typology of Patches and Corridors; Basic Concepts for Quantitative Approaches; Measurement of Heterogeneity; Fragmentation; Connectedness o Return to Scale Dependence: Contribution of Fractal Geometry o Elements of Geostatistics; Typologies of Landscape Structures; General Conclusion Dynamics of Landscapes: Questions on Organization and Dynamics of Landscapes Stemming from Observation; Changes in Land use on the Global Scale; Regional Approaches to Changes in Land Use: Variations Depending on Modes of Measurement; Local Approaches to Changes in Land Cover: Importance of Spatialization; Dynamics of Valley Landscapes: The Water Course and its Corridors; Dynamics of Non-Anthropogenic Landscapes; Land cover and Evolving Landscapes, a General Phenomenon Organization of Landscapes: Categories of Models; The Concept of Organization; Ecological Organization of Landscapes; From Farming Systems to Landscape Diversity; General Approach of Dynamics and Organization of Agrarian Landscapes; Landscape Dynamics and (Re) Organization: Multi-scale and Multidisciplinary Approach Part III: Ecological Processes within Landscapes: The Functioning of Populations at the Landscape Level: Patch Theory and Functioning of Metapopulations; Multi-habitat Species; Movement in Landscapes; Landscape Dynamics and the Functioning of Populations; Population Models used in Landscape Ecology Interspecific Relationships and Biodiversity in Landscapes: Interspecific Relationships; Biodiversity Geochemical Flows in Landscapes: Buffer Zones; Erosive Phenomena and Landscape Structure; Transfers in Watersheds; Conclusion Part IV: Applications to Landscape Management: Application of Landscape Ecology Concepts to Landscape Management and Design: Corridor Concept Applied to Development; Considering Landscape Ecology Concepts in Establishing Transportation Infrastructures; The Development of Rural Landscapes"--Provided by publisher. 606 $aLandscape ecology 608 $aElectronic books. 615 0$aLandscape ecology. 676 $a577.5/5 702 $aBurel$b Franc?oise 801 0$bFlBoTFG 801 1$bFlBoTFG 906 $aBOOK 912 $a9910453778503321 996 $aLandscape ecology$9287854 997 $aUNINA LEADER 02870nam 2200625 450 001 9910787161903321 005 20210615004112.0 010 $a1-4985-0554-6 010 $a0-7391-8366-4 035 $a(CKB)3710000000251682 035 $a(EBL)1810387 035 $a(SSID)ssj0001347591 035 $a(PQKBManifestationID)12586703 035 $a(PQKBTitleCode)TC0001347591 035 $a(PQKBWorkID)11361927 035 $a(PQKB)10048733 035 $a(MiAaPQ)EBC1810387 035 $a(Au-PeEL)EBL1810387 035 $a(CaPaEBR)ebr10987886 035 $a(CaONFJC)MIL650832 035 $a(OCoLC)892430222 035 $a(EXLCZ)993710000000251682 100 $a20140728h20142014 uy| 0 101 0 $aeng 135 $aur|n|---||||| 181 $ctxt 182 $cc 183 $acr 200 10$aHair, headwear, and Orthodox Jewish women $eKallah's choice /$fAmy K. Milligan 210 1$aLanham ;$aBoulder ;$aNew York ;$aLondon :$cLexington Books, an imprint of The Rowman & Littlefield Publishing Group, Inc.,$d[2014] 210 4$dİ2014 215 $a1 online resource (167 p.) 300 $aDescription based upon print version of record. 311 $a1-322-19552-8 311 $a0-7391-8365-6 320 $aIncludes bibliographical references and index. 327 $aA hairy subject: approaches to hair and hair covering -- Covering Jewish women: the congregational context -- Splitting hairs: the struggle for community definition in a small town Orthodox synagogue -- Wearing many hats: the hair covering practices of the Orthodox Jewish women at Degel Israel Synagogue -- Letting their hair down: Orthodox women at Degel Israel Synagogue who choose not to cover their hair -- Flipping their wigs for Judaism: non-Orthodox women who choose to cover their heads -- The long and short of it: a psychoreligious interpretation of hair covering. 330 $aIn this study, Milligan uses an interdisciplinary ethnographic approach to consider the lived religious cultural experiences of Orthodox Jewish women living in a small community. Through an investigation of hair and head covering, Milligan explores the meaning of tradition in a contemporary context. 606 $aHair$xReligious aspects$xJudaism 606 $aJewish women$xReligious life 606 $aJewish women$xConduct of life 606 $aModesty$xReligious aspects$xJudaism 615 0$aHair$xReligious aspects$xJudaism. 615 0$aJewish women$xReligious life. 615 0$aJewish women$xConduct of life. 615 0$aModesty$xReligious aspects$xJudaism. 676 $a391.5088/296832 700 $aMilligan$b Amy K.$f1982-$01478130 801 0$bMiAaPQ 801 1$bMiAaPQ 801 2$bMiAaPQ 906 $aBOOK 912 $a9910787161903321 996 $aHair, headwear, and Orthodox Jewish women$93693732 997 $aUNINA